000 00629nam a2200205 i 4500
001 bgj
100 1 _aHERZFELD, Hans
_d(1892- ).
245 1 0 _aDie Moderne Welt 1789-1945 :
_bdie Geschichte unserer Epoche.
_nT. 2,
_p1890-1945 /
_cHans Herzfeld.
260 _aBraunschweig :
_bGeorg Westermann Verlag,
_c1957.
300 _aVIII, 376 s. ;
_c25 cm.
490 1 _aGeschichte der Neuzeit
504 _aBibliogr. Indeks.
650 9 _aGeschichte, 1789-1945
650 9 _aGeschichte, 1890-1945
830 _aGeschichte der Neuzeit
040 _cBPK
041 0 _ager
942 _cKS
008 s gw f |000 0 ger
999 _c50673
_d50673
856 _uhttp://koha.tu.koszalin.pl/cgi-bin/koha/opac-detail.pl?biblionumber=50673
_yKatalog online BPK